000 00903nam a2200253 i 4500
001 8225
003 KOSZ 005
005 20200630132818.0
008 080724s1962 pl a f 000 0 pol
015 _aPB 1962/3410
040 _aWA N
_cKOSZ 005/RW
_dKOSZ 005/RW
080 _a541
100 1 _aWitekowa, Stanisława
_c(chemik)
_eAutor
245 1 0 _aKinetyka chemiczna :
_bmateriały do studiów i badań z dziedziny kinetyki /
_cStanisława Witekowa.
260 _aWarszawa :
_bPaństwowe Wydawnictwo Naukowe,
_c1962.
300 _a652, [3] s. :
_bil. ;
_c24 cm.
380 _aKsiążki.
504 _aBibliogr. s. 634-[653].
655 4 _aPodręczniki akademickie
650 4 _aKinetyka chemiczna
710 2 _aPaństwowe Wydawnictwo Naukowe
_4pbl.
856 _uhttp://koha.tu.koszalin.pl/cgi-bin/koha/opac-detail.pl?biblionumber=8225
_yKatalog online BPK
942 _2UKD
_cKS
999 _c8225
_d8225